书目信息 |
| 题名: |
教师与家长沟通技巧
|
|
| 作者: | 金开宇 主编 | |
| 分册: | ||
| 出版信息: | 北京 中国社会科学出版社 2012.08 |
|
| 页数: | 170页 | |
| 开本: | 21cm | |
| 丛书名: | 新时代校园阶梯图书 | |
| 单 册: | ||
| 中图分类: | G459 | |
| 科图分类: | ||
| 主题词: | 教师--关系--家长 | |
| 电子资源: | ||
| ISBN: | 978-7-5161-0685-3 | |
| 000 | 00872oam2 2200253 45 | |
| 001 | 1356821031 | |
| 005 | 20130515093828.31 | |
| 010 | @a978-7-5161-0685-3@dCNY22.80 | |
| 100 | @a20130108d2012 ekmy0chiy0121 ea | |
| 101 | 0 | @achi |
| 102 | @aCN@b110000 | |
| 105 | @ay z 000yy | |
| 106 | @ar | |
| 200 | 1 | @a教师与家长沟通技巧@AJiao Shi Yu Jia Chang Gou Tong Ji Qiao@f金开宇主编@FJin Kai Yu Zhu Bian |
| 210 | @a北京@c中国社会科学出版社@d2012.08 | |
| 215 | @a170页@d21cm | |
| 225 | 2 | @a新时代校园阶梯图书 |
| 330 | @a金开宇,男,1968年生。1990年毕业于安徽师范大学。毕业后一直从事教育教学工作。发表论文数十篇。编辑出版过《教师的爱心》、《与学生平等沟通》等书籍。 | |
| 461 | 0 | @12001 @a新时代校园阶梯图书 |
| 606 | 0 | @a教师@x关系@x家长 |
| 690 | @aG459@v5 | |
| 701 | 0 | @a金开宇@AJin Kai Yu@4主编 |
| 801 | @aCN@bTANGWEI@c20130108 | |
| 905 | @b0829992-96@dG459@e117@f5 | |
| 教师与家长沟通技巧/金开宇主编.-北京:中国社会科学出版社,2012.08 |
| 170页;21cm.-(新时代校园阶梯图书) |
| ISBN 978-7-5161-0685-3:CNY22.80 |
| 金开宇,男,1968年生。1990年毕业于安徽师范大学。毕业后一直从事教育教学工作。发表论文数十篇。编辑出版过《教师的爱心》、《与学生平等沟通》等书籍。 |
| ● |
| 相关链接 |
|
|
|
|
正题名:教师与家长沟通技巧
索取号:G459/117
 
预约/预借
| 序号 | 登录号 | 条形码 | 馆藏地/架位号 | 状态 | 备注 |
| 1 | 0829992 | 208299928 | 第一样本阅览室/ [索取号:G459/117] | 在馆 | |
| 2 | 0829993 | 208299937 | 教育系资料室/ [索取号:G459/117] | 在馆 | |
| 3 | 0829994 | 208299946 | 教育系资料室/ [索取号:G459/117] | 在馆 | |
| 4 | 0829995 | 208299955 | 第四借阅区/ [索取号:G459/117] | 在馆 | |
| 5 | 0829996 | 208299964 | 第四借阅区/ [索取号:G459/117] | 在馆 |